| 000 | 00550nam a22001817a 4500 | ||
|---|---|---|---|
| 005 | 20251108164053.0 | ||
| 008 | 250721s1987 xx 000 0 ara d | ||
| 082 | 1 | 4 | _a154/يون |
| 100 | 1 | _aيونغ، كارل | |
| 245 | 1 | 0 |
_aالإنسان و رموزه : _bسيكولوجيا العقل الباطن / |
| 264 | 1 |
_aعمان : _bدار منارات، _c1987. |
|
| 300 | _a308ص. | ||
| 650 | 1 | 7 | _aالعقل الباطن |
| 650 | 1 | 7 | _aالإنسان |
| 700 | 1 |
_aناصيف، عبد الكريم _eترجمة |
|
| 942 |
_2ddc _cBK |
||
| 999 |
_c2838 _d2838 |
||